The noble scholar, jurist, historian


 His Excellency Dr. Abdul Wahhab bin Ibrahim Abu Sulaiman, may Allah have mercy on him.


 He was born in Umm Al-Qura in the year 1356 AH.

كتاب مختصر الشريعة أو المجلة القضائية وقانون الأحوال الشخصية للمسيحيين في لبنان على عهد الشهابيين / (Record no. 14667)

MARC details
000 -LEADER
fixed length control field 01622cam a22003011i 4500
003 - CONTROL NUMBER IDENTIFIER
control field SA-RiAUC
005 - DATE AND TIME OF LATEST TRANSACTION
control field 20260317124754.0
008 - FIXED-LENGTH DATA ELEMENTS--GENERAL INFORMATION
fixed length control field 260212q19001999le g l 000 0 ara c
040 ## - CATALOGING SOURCE
Original cataloging agency SA-RiAUC
Language of cataloging ara
Transcribing agency SA-RiAUC
Description conventions rda
043 ## - GEOGRAPHIC AREA CODE
Geographic area code a-le---
082 04 - DEWEY DECIMAL CLASSIFICATION NUMBER
Classification number 346.5
090 ## - LOCALLY ASSIGNED LC-TYPE CALL NUMBER (OCLC); LOCAL CALL NUMBER (RLIN)
Classification number (OCLC) (R) ; Classification number, CALL (RLIN) (NR) م ن 346.5
Local cutter number (OCLC) ; Book number/undivided call number, CALL (RLIN) ك ت ا
245 00 - TITLE STATEMENT
Title كتاب مختصر الشريعة أو المجلة القضائية وقانون الأحوال الشخصية للمسيحيين في لبنان على عهد الشهابيين /
Statement of responsibility, etc. جمعه عبد الله قراعلي ؛ تقديم الأب بولس مسعد.
246 30 - VARYING FORM OF TITLE
Title proper/short title مختصر الشريعة أو المجلة القضائية وقانون الأحوال الشخصية للمسيحيين في لبنان على عهد الشهابيين
246 30 - VARYING FORM OF TITLE
Title proper/short title قانون الأحوال الشخصية للمسيحيين في لبنان على عهد الشهابيين
264 #1 - PRODUCTION, PUBLICATION, DISTRIBUTION, MANUFACTURE, AND COPYRIGHT NOTICE
Place of production, publication, distribution, manufacture بيروت :
Name of producer, publisher, distributor, manufacturer بولس مسعد الحلبي اللبناني،
Date of production, publication, distribution, manufacture, or copyright notice [بين 1900 و1999]
300 ## - PHYSICAL DESCRIPTION
Extent 157 صفحة ؛
Dimensions 29 سم.
336 ## - CONTENT TYPE
Content type term نص
Content type code txt
Source rdacontent
Materials specified كتاب
337 ## - MEDIA TYPE
Media type term بدون وسيط
Media type code n
Source rdamedia
338 ## - CARRIER TYPE
Carrier type term مجلد
Carrier type code nc
Source rdacarrier
490 1# - SERIES STATEMENT
Series statement نصوص ودروس
Volume/sequential designation 8
650 #7 - SUBJECT ADDED ENTRY--TOPICAL TERM
Topical term or geographic name entry element قانون المرافعات
Geographic subdivision لبنان
Source of heading or term aucsh
700 1# - ADDED ENTRY--PERSONAL NAME
Personal name مسعد، بولس بطرس،
Titles and other words associated with a name البطريرك
Dates associated with a name 1806-1890
Relator term مقدم.
700 1# - ADDED ENTRY--PERSONAL NAME
Personal name قراعلي، عبد الله،
Dates associated with a name 1672-1742
Relator term جامع.
830 #0 - SERIES ADDED ENTRY--UNIFORM TITLE
Uniform title نصوص ودروس (المطبعة الكاثوليكية للآباء اليسوعيين)
Volume/sequential designation 8
942 ## - ADDED ENTRY ELEMENTS (KOHA)
Source of classification or shelving scheme Dewey Decimal Classification
Koha item type كتاب مصور نادر
Suppress in OPAC No
949 ## - LOCAL PROCESSING INFORMATION (OCLC)
a SA-JeALM
d 260212
u mohamedma123
n 1
Holdings
Withdrawn status Lost status Source of classification or shelving scheme Damaged status Not for loan Home library Current library Date acquired Total checkouts Full call number Barcode Date last seen Price effective from Koha item type
    Dewey Decimal Classification     DR AbdElwahab Library DR AbdElwahab Library 03/17/2026   م ن 346.5 ك ت ا 000023187 03/17/2026 03/17/2026 كتاب مصور نادر